Movies Quiz

Random Movies or Oscar Quiz

Oscar Categories Quiz Stats

 Plays Quiz Updated Nov 21, 2020

Support Sporcle.
Go Orange.
Score 0/23 Timer 07:00
1 Play Today
Category % Correct
Actor in a Leading Role
98.9%
Actress in a Leading Role
98.1%
Actor in a Supporting Role
96.8%
Actress in a Supporting Role
96.1%
Best Picture
94.1%
Directing
89.8%
Costume Design
70.6%
Music (Original Score)
65.7%
Animated Feature Film
63%
Music (Original Song)
58.4%
Cinematography
57.5%
Writing (Adapted Screenplay)
56%
Category % Correct
Writing (Original Screenplay)
55.8%
Visual Effects
54.9%
Makeup and Hairstyling
52.3%
International Feature Film
51.1%
Short Film (Animated)
43.3%
Sound Mixing
32.4%
Documentary Short
31.8%
Documentary Feature
28%
Film Editing
27%
Short Film (Live Action)
25.2%
Production Design
24.3%

From the Vault

Pixar Short Films

by SporcleAdmin

Movies 4m
More often than not, the Pixar short is better than most of the other movies playing at the cineplex.
Remove Ads.
Support Sporcle.
Get the best of Sporcle when you Go Orange. This ad-free experience offers more features, more stats, and more fun while also helping to support Sporcle. Thank you for becoming a member.

Show Comments

Extras

Top Quizzes Today


Score Distribution

Your Account Isn't Verified!

In order to create a playlist on Sporcle, you need to verify the email address you used during registration. Go to your Sporcle Settings to finish the process.

Report this User

Report this user for behavior that violates our Community Guidelines.

Details: